Statistics for Anagrams - Asian Cities

Click here to take the quiz!

General Stats

  • This quiz has been taken 530 times
  • The average score is 15 of 30

Answer Stats

HintAnswer% Correct
LouseSeoul (South Korea)
88%
BaulkKabul (Afghanistan)
86%
AnimalManila (Philippines)
83%
JibeginBeijing (China)
82%
TierubBeirut (Lebanon)
81%
CatsumMuscat (Oman)
71%
LocomobColombo (Sri Lanka)
70%
AhashingShanghai (China)
65%
HardiyRiyadh (Saudi Arabia)
64%
TalkoakKolkata (India)
60%
VodkavoltisVladivostok (Russia)
55%
HumphitThimphu (Bhutan)
53%
DialsambaIslamabad (Pakistan)
52%
KiwitutcayKuwait City (Kuwait)
52%
IronpagesSingapore (Singapore)
51%
RathenTehran (Iran)
50%
HankdatumKathmandu (Nepal)
47%
AgonayNagoya (Japan)
44%
SagabathAshgabat (Turkmenistan)
41%
NinjatiTianjin (China)
41%
MaltayAlmaty (Kazakhstan)
40%
HackairKarachi (Pakistan)
40%
IhitchmychinoHo Chi Minh City (Vietnam)
37%
PaleopAleppo (Syria)
35%
PoorspaSapporo (Japan)
35%
BandgunBandung (Indonesia)
32%
ShadebunDushanbe (Tajikistan)
30%
LaborangeBangalore (India)
28%
LunarboatUlan Bator (Mongolia)
20%
GothicgnatChittagong (Bangladesh)
16%

Score Distribution

Percentile by Number Answered

Percent of People with Each Score

Your Score History

You have not taken this quiz